Vývoj vzdelávacích programovateľných modulov na podporu výučby prototypizačných dosiek a kontrolérov

Gespeichert in:
Bibliographische Detailangaben
1. Verfasser: Klimo, Samuel (Verfasst von)
Weitere Verfasser: Habara, Marek (Betreuung Doktorarbeit)
Format: Manuskript Buch
Sprache:Slowakisch
Veröffentlicht: 2025
Schlagworte:
Online-Zugang:http://is.stuba.sk/zp/portal_zp.pl?podrobnosti=185654
Tags: Tag hinzufügen
Keine Tags, Fügen Sie das erste Tag hinzu!

MARC

LEADER 00000ntm a22000003a 4500
001 stuzp97215
003 SK-STU
005 20250628210338.2
007 ta
008 150427s2015----xo-----f-mn---000-0-slo-d
040 |a STU  |b slo 
041 0 |a slo 
100 1 |a Klimo, Samuel  |u 020020  |4 aut  |U SjF Strojnícka fakulta  |T SjF Ústav automatizácie, informatizácie a merania  |X 116769  |U J0020  |Y 802  |7 116769 
242 0 1 |a Development of educational programmable modules to support the teaching of prototyping boards and controllers  |y eng 
245 1 0 |a Vývoj vzdelávacích programovateľných modulov na podporu výučby prototypizačných dosiek a kontrolérov 
260 |c 2025 
650 4 |a embedded systémy  |2 slo 
650 4 |a praktická výučba  |2 slo 
650 4 |a mikrokontroléry ESP32  |2 slo 
650 4 |a vzdelávacie moduly  |2 slo 
650 4 |a prototypizačné dosky  |2 slo 
650 4 |a projektovo-zážitkové učenie  |2 slo 
650 4 |a educational modules  |2 eng 
650 4 |a prototyping boards  |2 eng 
650 4 |a project-based learning  |2 eng 
650 4 |a embedded systems  |2 eng 
650 4 |a hands-on education  |2 eng 
650 4 |a ESP32 microcontrollers  |2 eng 
700 1 |a Habara, Marek  |u 020020  |k Z3  |4 ths  |U SjF Strojnícka fakulta  |T SjF Ústav automatizácie, informatizácie a merania  |X 87297  |U J0020  |Y 802  |7 87297 
856 4 |u http://is.stuba.sk/zp/portal_zp.pl?podrobnosti=185654